000 00309nam a2200133 i 4500
001 bg
100 1 _aRAWSON, H.
245 0 _aProperties and applications of glass /
_cH.Rawson.
260 _aAmsterdam,
_c1980.
040 _cBPK
041 _apol
942 _cKS
008 s pl f |000 0 pol
999 _c23995
_d23995
856 _uhttp://koha.tu.koszalin.pl/cgi-bin/koha/opac-detail.pl?biblionumber=23995
_yKatalog online BPK